000 005470000a22001690004500
090 _aAR
_b02782
245 1 0 _aButterflies of the tribe Haeterini (<Satyrinae: Nymphalidae>) from Colombia with an up dated list of the neotropical species
650 1 4 _aMariposas
_993025
650 1 4 _aEntomología
_94483
650 1 4 _aInventarios de mariposas
_995551
650 1 4 _aTaxonomía animal
_98245
651 4 _pColombia
_992749
041 0 _aInglés
100 1 _aConstantino, Luis Miguel
_995524
942 _cARTICULO
773 1 _tPreprint
_33
_q1-21
_d1976
999 _c11843
_d11843